000 00712nam a22002657a 4500
003 UA-OsUOA
001 26909
007 ta
008 20040610b un ||||| |||| 00| 0 ukr d
100 _aШевеленко С.Д.
700 _aФедів І.І.
090 _a658(075.8)
_bШ37
942 _cBK
040 _aUA-OsUOA
_bukr
_cUA-OsUOA
_dUA-OsUOA
245 _aПідприємництво і підприємницька діяльність
_bНавчальний посібник
300 _a224 с.
955 _a0
041 _aukr
080 _a658(075.8)
020 _a5-11-004576-3
260 _aКиїв
_bВища школа
_c1997
044 _aUA
650 7 _2UDC
999 _c313245
_d313245